000 00869nam a22002177a 4500
999 _c6716
_d6716
003 AR-CdUCM
008 190319b ||||| |||| 00| 0 eng d
040 _aMUNICIPALIDAD PROVINCIAL DEL CUSCO
_cBIBLIOTECA MUNICIPAL DEL CUSCO
082 _23ed.
_a709 /
_bP56
100 _aPijoán, José
_918769
245 _aSumma Artis, Historia general del arte :
_bArte barroco en Francia, Italia y Alemania siglos XVII y XVIII /
260 _aMadrid
_bEspasa-Calpe, S.A.,
_c1957.
300 _a577 páginas ;
_bIlustraciones en color y b/n.
_c27 cm.
500 _aDañado por humedad
505 _aA la descubierta -- Carvaggio -- Ruralistas franceses -- Rafaelismo reclcitrante -- La pintura en Francia durante <Le Grand Siécle>...
650 _aHistoria del Arte
_91647
650 _aPintura
_93081
650 _aArte barroco
_92947
942 _2ddc
_cLIBROS
945 _admma